000 00332 a2200109 4500
001 ART_2967
005 20260410161711.0
008 260409a
245 1 0 _aEtapas de la modernización en Latinoamérica
100 1 _aGermani, Gino
773 0 _tDesarrollo económico
_g- Vol. 9, Nº 33 (abr./jun. 1969)
_wREV1174
999 _c16094
_d16094